[Event "Werner-Ott-Open Kreuzberger Sommer 2018"]
[Site "Berlin"]
[Date "2018.07.05"]
[Round "6.1"]
[White "Ahmadinia, Ebrahim"]
[Black "Stern, Rene"]
[Result "0-1"]
[WhiteElo "2415"]
[BlackElo "2510"]
[PlyCount "126"]
[EventDate "2018.06.30"]
[EventType "tourn"]
[EventRounds "9"]
[EventCountry "GER"]
[SourceTitle "WOOKS_2018_R6"]
[Source "Andreas Lange"]
[SourceDate "2018.07.05"]
[SourceVersion "1"]
[SourceVersionDate "2018.07.05"]
[SourceQuality "1"]
[WhiteTeam "SF Berlin 1903"]
[BlackTeam "SK Koenig Tegel 1949"]
[WhiteTeamCountry "GER"]
[BlackTeamCountry "GER"]

1. e4 e5 2. Nf3 Nc6 3. Nc3 Nf6 4. d4 exd4 5. Nxd4 Bb4 {(=)} 6. Nxc6 bxc6 7. Bd3
d5 8. exd5 cxd5 9. O-O O-O 10. h3 Re8 11. Qf3 c6 12. Bg5 h6 13. Bf4 Qe7 14. a3
Bd6 15. b4 a5 16. Bxd6 Qxd6 17. b5 c5 18. Rfd1 Bb7 19. Na4 Re5 20. c4 Qe7 21.
Qf4 Nh5 22. Qd2 dxc4 23. Bf1 Rg5 24. f4 Rg6 25. Qf2 Ng3 26. Re1 Qc7 27. Ra2
Nxf1 28. Qxf1 Qd7 29. Re5 Qxb5 30. Nxc5 Rc8 31. Nxb7 Qxb7 32. Qe2 c3 33. Kh2
Qc6 34. Rc2 Re6 35. Rxe6 fxe6 36. Qe5 Qc4 37. a4 Rc5 38. Qe3 Rc6 39. Kg3 Kf7
40. Qf3 Kg8 41. h4 Rc5 42. h5 Qd4 43. Kh3 Rxh5+ 44. Qxh5 Qd3+ 45. g3 Qxc2 46.
Qe8+ Kh7 47. Qxe6 Qg6 48. Qc4 c2 49. Kg2 h5 50. Kh2 Kh6 51. Qc5 Qe4 52. Qg5+
Kh7 53. Qxh5+ Kg8 54. Qc5 Qe2+ 55. Kh3 Qf1+ 56. Kh2 c1=Q 57. Qd5+ Kf8 58. Qd8+
Kf7 59. Qd7+ Kf6 60. Qd6+ Kf5 61. Qd5+ Kg4 62. Qe6+ Kf3 63. Qd5+ Kf2 0-1

[Event "Werner-Ott-Open Kreuzberger Sommer 2018"]
[Site "Berlin"]
[Date "2018.07.05"]
[Round "6.2"]
[White "Wierzbicki, Jirawat"]
[Black "Radovanovic, Jovica"]
[Result "1/2-1/2"]
[WhiteElo "2161"]
[BlackElo "2311"]
[PlyCount "52"]
[EventDate "2018.06.30"]
[EventType "tourn"]
[EventRounds "9"]
[EventCountry "GER"]
[SourceTitle "WOOKS_2018_R6"]
[Source "Andreas Lange"]
[SourceDate "2018.07.05"]
[SourceVersion "1"]
[SourceVersionDate "2018.07.05"]
[SourceQuality "1"]
[WhiteTeam "SK Koenig Tegel 1949"]
[WhiteTeamCountry "GER"]

1. e4 c6 2. d4 d5 3. Nc3 dxe4 4. Nxe4 Nd7 5. Nf3 Ngf6 6. Ng3 e6 7. c3 c5 8. Bd3
cxd4 9. Nxd4 Bc5 10. O-O a6 11. Bc2 Qc7 12. Ne4 Nxe4 13. Bxe4 Nf6 14. Bc2 Bd7
15. Bg5 Rd8 16. Qe2 Bxd4 17. cxd4 Bb5 18. Bd3 Bxd3 19. Qxd3 Qc6 20. Bxf6 gxf6
21. Rfd1 Rg8 22. g3 Rg4 23. Qxh7 Rgxd4 24. Rxd4 Rxd4 25. Qh6 Ke7 26. Qe3 Qd5
1/2-1/2

[Event "Werner-Ott-Open Kreuzberger Sommer 2018"]
[Site "Berlin"]
[Date "2018.07.05"]
[Round "6.3"]
[White "Bui, Bao Anh Le"]
[Black "Malek, Daniel"]
[Result "0-1"]
[WhiteElo "1883"]
[BlackElo "2383"]
[PlyCount "80"]
[EventDate "2018.06.30"]
[EventType "tourn"]
[EventRounds "9"]
[EventCountry "GER"]
[SourceTitle "WOOKS_2018_R6"]
[Source "Andreas Lange"]
[SourceDate "2018.07.05"]
[SourceVersion "1"]
[SourceVersionDate "2018.07.05"]
[SourceQuality "1"]
[WhiteTeam "SV Mattnetz Berlin"]
[BlackTeam "SK Zehlendorf"]
[WhiteTeamCountry "GER"]
[BlackTeamCountry "GER"]

1. e4 e6 2. d4 d5 3. Nc3 Nf6 4. Bg5 dxe4 5. Nxe4 Be7 6. Bxf6 gxf6 7. Nf3 f5 8.
Nc3 a6 9. Ne5 Nd7 10. Bc4 Nxe5 11. dxe5 Qxd1+ 12. Rxd1 b5 13. Be2 Bb7 14. Bf3
Bxf3 15. gxf3 Rg8 16. Ne2 f6 17. Nd4 fxe5 18. Nxe6 Bd6 19. Rxd6 cxd6 20. Nc7+
Kf7 21. Nxa8 Rxa8 22. Ke2 Rg8 23. Ke3 Ke6 24. c3 h5 25. h3 h4 26. Ra1 Rg2 27.
a4 Rh2 28. axb5 axb5 29. Ra5 Rxh3 30. Ke2 Rh1 31. Rxb5 Rb1 32. Rb8 h3 33. Rh8
Rxb2+ 34. Kd3 Rxf2 35. Rxh3 Rxf3+ 36. Rxf3 e4+ 37. Ke3 exf3 38. Kxf3 Ke5 39.
Ke3 f4+ 40. Kf3 d5 0-1

[Event "Werner-Ott-Open Kreuzberger Sommer 2018"]
[Site "Berlin"]
[Date "2018.07.05"]
[Round "6.4"]
[White "Von Herman, Ulf"]
[Black "Sommaro, Katja"]
[Result "1-0"]
[WhiteElo "2354"]
[BlackElo "2087"]
[PlyCount "105"]
[EventDate "2018.06.30"]
[EventType "tourn"]
[EventRounds "9"]
[EventCountry "GER"]
[SourceTitle "WOOKS_2018_R6"]
[Source "Andreas Lange"]
[SourceDate "2018.07.05"]
[SourceVersion "1"]
[SourceVersionDate "2018.07.05"]
[SourceQuality "1"]
[WhiteTeam "SK Koenig Tegel 1949"]
[BlackTeam "SV Berolina Mitte"]
[WhiteTeamCountry "GER"]
[BlackTeamCountry "GER"]

1. d4 Nf6 2. c4 g6 3. Nc3 Bg7 4. Nf3 d6 5. Bg5 O-O 6. e3 Nbd7 7. Be2 c5 8. d5
h6 9. Bh4 Re8 10. Nd2 Ne5 11. h3 g5 12. Bg3 Ng6 13. Qc2 e5 14. Bd3 Ne7 15. h4
Nh5 16. hxg5 Nxg3 17. fxg3 hxg5 18. Nf3 f5 19. Nxg5 Nxd5 20. Nxd5 Qxg5 21. Qf2
Rf8 22. Be2 Rf7 23. Bh5 Rf8 24. O-O-O Rb8 25. Be2 Rf7 26. Rh5 Qg6 27. Rh4 Qg5
28. Nc3 Qf6 29. Bf3 e4 30. Bh5 Rf8 31. Nd5 Qe5 32. Nf4 b5 33. Ng6 Qf6 34. Nxf8
Kxf8 35. Qd2 Ke7 36. Be2 bxc4 37. Rh7 Rb6 38. Qc3 Kf8 39. Bxc4 Qg6 40. Rh8+ Ke7
41. Rg8 Bxc3 42. Rxg6 Bxb2+ 43. Kc2 Bd7 44. Rh1 Ba4+ 45. Kd2 d5 46. Rh7+ Kf8
47. Rxb6 axb6 48. Bxd5 Be8 49. Rb7 b5 50. a4 b4 51. a5 Bc3+ 52. Kc1 b3 53. a6
1-0

[Event "Werner-Ott-Open Kreuzberger Sommer 2018"]
[Site "Berlin"]
[Date "2018.07.05"]
[Round "6.5"]
[White "Hacker, Jonas"]
[Black "Kather, Yannick"]
[Result "1/2-1/2"]
[WhiteElo "2291"]
[BlackElo "2053"]
[PlyCount "97"]
[EventDate "2018.06.30"]
[EventType "tourn"]
[EventRounds "9"]
[EventCountry "GER"]
[SourceTitle "WOOKS_2018_R6"]
[Source "Andreas Lange"]
[SourceDate "2018.07.05"]
[SourceVersion "1"]
[SourceVersionDate "2018.07.05"]
[SourceQuality "1"]
[WhiteTeam "SC Eppingen"]
[BlackTeam "SC Weisse Dame"]
[WhiteTeamCountry "GER"]
[BlackTeamCountry "GER"]

1. e4 c5 2. Nf3 Nc6 3. d4 cxd4 4. Nxd4 g6 5. c4 Nf6 6. Nc3 d6 7. Be2 Nxd4 8.
Qxd4 Bg7 9. Be3 O-O 10. Qd2 a5 11. f3 a4 12. O-O Be6 13. Nb5 Nd7 14. Rab1 Qa5
15. Qxa5 Rxa5 16. Nc7 Nc5 17. Nxe6 Nxe6 18. Rfd1 Rc8 19. Bf1 Nc5 20. Rd2 Ra6
21. g3 Rb6 22. Rc2 Rbc6 23. b4 Ne6 24. Rd2 a3 25. Rb3 Ra8 26. Kf2 Rcc8 27. f4
Ra4 28. Kf3 Bb2 29. f5 Nd8 30. b5 Bc1 31. Rc2 Bxe3 32. Kxe3 b6 33. Rcc3 Rca8
34. e5 gxf5 35. exd6 exd6 36. Bg2 R8a7 37. Bd5 Ne6 38. Rb1 Nc5 39. Kf4 Re7 40.
Re3 Raa7 41. Rc1 Rxe3 42. Kxe3 Kg7 43. Kd2 Kf6 44. Rf1 Ke5 45. Kc3 Na4+ 46. Kb3
Nc5+ 47. Kc3 Na4+ 48. Kb3 Nc5+ 49. Kc3 1/2-1/2

[Event "Werner-Ott-Open Kreuzberger Sommer 2018"]
[Site "Berlin"]
[Date "2018.07.05"]
[Round "6.6"]
[White "Kohler, Thomas"]
[Black "Gebigke, Martin"]
[Result "1-0"]
[WhiteElo "2147"]
[BlackElo "2050"]
[PlyCount "101"]
[EventDate "2018.06.30"]
[EventType "tourn"]
[EventRounds "9"]
[EventCountry "GER"]
[SourceTitle "WOOKS_2018_R6"]
[Source "Andreas Lange"]
[SourceDate "2018.07.05"]
[SourceVersion "1"]
[SourceVersionDate "2018.07.05"]
[SourceQuality "1"]
[WhiteTeam "SC Zitadelle Spandau 1977"]
[BlackTeam "SC Kreuzberg"]
[WhiteTeamCountry "GER"]
[BlackTeamCountry "GER"]

1. Nf3 Nf6 2. c4 e6 3. g3 d5 4. Bg2 d4 5. O-O c5 6. e3 Nc6 7. exd4 cxd4 8. Re1
Bd6 9. d3 h6 10. Na3 O-O 11. Nc2 a5 12. a3 e5 13. Rb1 Rb8 14. c5 Bc7 15. b4
axb4 16. axb4 b5 17. cxb6 Rxb6 18. b5 Re8 19. Na3 Na5 20. Bd2 Rbe6 21. Qa4 Nb7
22. Rec1 Nd5 23. Ne1 Rd6 24. Nc4 Rf6 25. b6 Nxb6 26. Nxb6 Bxb6 27. Rxc8 Qxc8
28. Bxb7 Qd8 29. Be4 Rfe6 30. Qb5 Bc7 31. Bc6 R8e7 32. Bb4 Bd6 33. Bxd6 Qxd6
34. Qb8+ Kh7 35. Be4+ g6 36. Qxd6 Rxd6 37. g4 f6 38. Nf3 Rg7 39. Kf1 Rdd7 40.
h4 Kg8 41. h5 gxh5 42. gxh5 Ra7 43. Nh4 Rg5 44. Bg6 Rxg6 45. hxg6 Kg7 46. Kg2
h5 47. Rb6 Kh6 48. Rxf6 e4 49. dxe4 d3 50. f4 Kg7 51. Rd6 1-0

[Event "Werner-Ott-Open Kreuzberger Sommer 2018"]
[Site "Berlin"]
[Date "2018.07.05"]
[Round "6.7"]
[White "Krefenstein, Sergej"]
[Black "Rehberg, Raphael"]
[Result "1-0"]
[WhiteElo "2119"]
[BlackElo "2279"]
[PlyCount "81"]
[EventDate "2018.06.30"]
[EventType "tourn"]
[EventRounds "9"]
[EventCountry "GER"]
[SourceTitle "WOOKS_2018_R6"]
[Source "Andreas Lange"]
[SourceDate "2018.07.05"]
[SourceVersion "1"]
[SourceVersionDate "2018.07.05"]
[SourceQuality "1"]
[WhiteTeam "TuS Makkabi Berlin"]
[BlackTeam "SG Lok Brandenburg"]
[WhiteTeamCountry "GER"]
[BlackTeamCountry "GER"]

1. d4 d5 2. c4 e6 3. Nc3 c6 4. Nf3 dxc4 5. a4 Bb4 6. g3 Nd7 7. Bg2 Ngf6 8. O-O
O-O 9. Qc2 Qe7 10. Na2 Bd6 11. Qxc4 c5 12. Nc3 Nb6 13. Qb3 cxd4 14. Nxd4 e5 15.
Ndb5 Be6 16. Qc2 Bc5 17. Bg5 a6 18. Na3 Rac8 19. a5 Nc4 20. Nxc4 Bxc4 21. Bxf6
gxf6 22. Qe4 Qe6 23. Qh4 f5 24. Bh3 Qg6 25. Rfd1 Rc7 26. e4 fxe4 27. Qxe4 Qxe4
28. Nxe4 Bd4 29. Rac1 Bxb2 30. Rc2 Bb3 31. Rxc7 Bxd1 32. Rxb7 Bd4 33. Bg2 Rc8
34. h3 Be2 35. Nd6 Rc5 36. Nxf7 Rxa5 37. Nh6+ Kf8 38. Bc6 Bc4 39. Rxh7 Ra2 40.
Ng4 Bf7 41. Rxf7+ 1-0

[Event "Werner-Ott-Open Kreuzberger Sommer 2018"]
[Site "Berlin"]
[Date "2018.07.05"]
[Round "6.8"]
[White "Thaer, Abdulkadhim Ismaeel"]
[Black "Federau, Juergen"]
[Result "0-1"]
[WhiteElo "1952"]
[BlackElo "2127"]
[PlyCount "56"]
[EventDate "2018.06.30"]
[EventType "tourn"]
[EventRounds "9"]
[EventCountry "GER"]
[SourceTitle "WOOKS_2018_R6"]
[Source "Andreas Lange"]
[SourceDate "2018.07.05"]
[SourceVersion "1"]
[SourceVersionDate "2018.07.05"]
[SourceQuality "1"]
[WhiteTeam "SC Zugzwang 95"]
[BlackTeam "SC Kreuzberg"]
[WhiteTeamCountry "GER"]
[BlackTeamCountry "GER"]

1. Nf3 Nf6 2. c4 e6 3. g3 b6 4. Bg2 Bb7 5. O-O Be7 6. b3 O-O 7. Bb2 c5 8. Nc3
d5 9. d4 dxc4 10. bxc4 cxd4 11. Qxd4 Qxd4 12. Nxd4 Bxg2 13. Kxg2 Rc8 14. Rac1
Nc6 15. Nxc6 Rxc6 16. Nb5 a6 17. Na3 Rac8 18. Rfd1 h5 19. Rb1 Kf8 20. Rd3 Rd8
21. h3 Ke8 22. Kf3 g6 23. Bd4 Nd7 24. Rbd1 e5 25. Be3 e4+ 26. Kxe4 Re6+ 27. Kf4
g5+ 28. Kf3 Ne5+ 0-1

[Event "Werner-Ott-Open Kreuzberger Sommer 2018"]
[Site "Berlin"]
[Date "2018.07.05"]
[Round "6.9"]
[White "Kirchhof, Arno"]
[Black "Weber, Erwin"]
[Result "0-1"]
[WhiteElo "2041"]
[BlackElo "1982"]
[PlyCount "110"]
[EventDate "2018.06.30"]
[EventType "tourn"]
[EventRounds "9"]
[EventCountry "GER"]
[SourceTitle "WOOKS_2018_R6"]
[Source "Andreas Lange"]
[SourceDate "2018.07.05"]
[SourceVersion "1"]
[SourceVersionDate "2018.07.05"]
[SourceQuality "1"]
[WhiteTeam "SC Zugzwang 95"]
[BlackTeam "SC Weisse Dame"]
[WhiteTeamCountry "GER"]
[BlackTeamCountry "GER"]

1. d4 f5 2. Nc3 Nf6 3. Bf4 d6 4. e3 e6 5. Bd3 Nc6 6. Nf3 Be7 7. e4 fxe4 8. Nxe4
O-O 9. Bd2 Nxe4 10. Bxe4 Bf6 11. c3 d5 12. Bd3 e5 13. dxe5 Nxe5 14. Nxe5 Bxe5
15. Qc2 Bg4 16. Be3 Qh4 17. g3 Qh3 18. Be2 Qh5 19. Bxg4 Qxg4 20. Qe2 Qa4 21.
O-O Rae8 22. Qd3 c6 23. f4 Bc7 24. Bc5 Bb6 25. Bxb6 axb6 26. a3 Qb3 27. Qd2 Qc4
28. Rae1 b5 29. Rxe8 Rxe8 30. Re1 Re4 31. Kf2 Qc5+ 32. Kf3 Qe7 33. Re3 Qe8 34.
Qe1 Qh5+ 35. Kg2 Qf5 36. Rxe4 dxe4 37. Qe3 c5 38. Qe2 Qd5 39. Kf2 c4 40. Qe3
Qd3 41. g4 Kf7 42. f5 Qc2+ 43. Qe2 Qd3 44. Qe3 Qc2+ 45. Qe2 Qb1 46. a4 Kf6 {(=)
} 47. axb5 Qd3 48. Qe3 Qc2+ 49. Kg3 Qd3 50. Kf4 Qxe3+ 51. Kxe3 Ke5 52. b6 h5
53. f6 gxf6 54. gxh5 f5 55. h6 f4+ 0-1

[Event "Werner-Ott-Open Kreuzberger Sommer 2018"]
[Site "Berlin"]
[Date "2018.07.05"]
[Round "6.10"]
[White "Krueger, Robin Kevin"]
[Black "Gelman, Josef"]
[Result "1/2-1/2"]
[WhiteElo "1942"]
[BlackElo "1989"]
[PlyCount "35"]
[EventDate "2018.06.30"]
[EventType "tourn"]
[EventRounds "9"]
[EventCountry "GER"]
[SourceTitle "WOOKS_2018_R6"]
[Source "Andreas Lange"]
[SourceDate "2018.07.05"]
[SourceVersion "1"]
[SourceVersionDate "2018.07.05"]
[SourceQuality "1"]
[WhiteTeam "MTV Tostedt"]
[BlackTeam "SC Weisse Dame"]
[WhiteTeamCountry "GER"]
[BlackTeamCountry "GER"]

1. e4 c6 2. d4 d5 3. exd5 cxd5 4. c4 Nf6 5. Nc3 Nc6 6. Nf3 Bg4 7. Be2 e6 8. O-O
dxc4 9. Bxc4 Be7 10. d5 exd5 11. Nxd5 Nxd5 12. Qxd5 O-O 13. Be3 Rc8 14. Rac1
Bxf3 15. Qxf3 Ne5 16. Qe2 Nxc4 17. Rxc4 Rxc4 18. Qxc4 1/2-1/2

[Event "Werner-Ott-Open Kreuzberger Sommer 2018"]
[Site "Berlin"]
[Date "2018.07.05"]
[Round "6.11"]
[White "Silz, Elisa"]
[Black "Jaeger, Andre"]
[Result "1/2-1/2"]
[WhiteElo "1988"]
[BlackElo "1922"]
[PlyCount "66"]
[EventDate "2018.06.30"]
[EventType "tourn"]
[EventRounds "9"]
[EventCountry "GER"]
[SourceTitle "WOOKS_2018_R6"]
[Source "Andreas Lange"]
[SourceDate "2018.07.05"]
[SourceVersion "1"]
[SourceVersionDate "2018.07.05"]
[SourceQuality "1"]
[WhiteTeam "SV Empor Berlin"]
[BlackTeam "SC Rochade"]
[WhiteTeamCountry "GER"]
[BlackTeamCountry "GER"]

1. d4 g6 2. Nf3 Bg7 3. c4 c5 4. Nc3 cxd4 5. Nxd4 Nc6 6. e3 Nf6 7. Be2 O-O 8.
O-O Nxd4 9. exd4 d5 10. Bf4 a6 11. c5 Bd7 12. Rc1 Rc8 13. b4 Bc6 14. a4 Ne4 15.
b5 Nxc3 16. Rxc3 axb5 17. axb5 Be8 18. Qd3 Qa5 19. Rb1 Qa4 20. Be5 Bxe5 21.
dxe5 e6 22. g3 Bd7 23. Ra3 Qc4 {(=)} 24. Qxc4 dxc4 25. c6 bxc6 26. b6 c5 27.
Bxc4 Bc6 28. Ra7 Rb8 29. Ra5 Be4 30. Rb2 Rfc8 31. f4 Kg7 32. Ra7 Rc6 33. Ra5
Rcxb6 1/2-1/2

[Event "Werner-Ott-Open Kreuzberger Sommer 2018"]
[Site "Berlin"]
[Date "2018.07.05"]
[Round "6.12"]
[White "Namestnikov, Boris"]
[Black "Foerster, Jonas"]
[Result "0-1"]
[WhiteElo "1890"]
[BlackElo "2284"]
[PlyCount "63"]
[EventDate "2018.06.30"]
[EventType "tourn"]
[EventRounds "9"]
[EventCountry "GER"]
[SourceTitle "WOOKS_2018_R6"]
[Source "Andreas Lange"]
[SourceDate "2018.07.05"]
[SourceVersion "1"]
[SourceVersionDate "2018.07.05"]
[SourceQuality "1"]
[WhiteTeam "SK Zehlendorf"]
[BlackTeam "SV Empor Berlin"]
[WhiteTeamCountry "GER"]
[BlackTeamCountry "GER"]

1. d4 g6 2. c4 Bg7 3. e4 Nc6 4. Nf3 e5 5. d5 Nd4 6. Nbd2 c5 7. Nxd4 exd4 8. Be2
d6 9. O-O Nf6 10. f3 h5 11. Nb3 Bd7 12. Bf4 Qc7 13. Qd2 h4 14. Qe1 O-O 15. Nc1
Nh5 16. Bd2 d3 17. Bxd3 Bxb2 18. Rb1 Bd4+ 19. Be3 Bg7 20. Ne2 f5 21. Qd2 Rfe8
22. Rb3 fxe4 23. Bxe4 Bf5 24. Bxf5 gxf5 25. Rfb1 b6 26. a4 Re7 27. Bg5 Rae8 28.
Bxe7 Qxe7 29. Kf1 Qe5 30. f4 Qe4 31. a5 h3 32. Rxh3 0-1

[Event "Werner-Ott-Open Kreuzberger Sommer 2018"]
[Site "Berlin"]
[Date "2018.07.05"]
[Round "6.13"]
[White "Jeremic, Dusan"]
[Black "Dathe, Frederick"]
[Result "0-1"]
[WhiteElo "2179"]
[BlackElo "1895"]
[PlyCount "153"]
[EventDate "2018.06.30"]
[EventType "tourn"]
[EventRounds "9"]
[EventCountry "GER"]
[SourceTitle "WOOKS_2018_R6"]
[Source "Andreas Lange"]
[SourceDate "2018.07.05"]
[SourceVersion "1"]
[SourceVersionDate "2018.07.05"]
[SourceQuality "1"]
[WhiteTeam "SF Berlin 1903"]
[BlackTeam "SC Kreuzberg"]
[WhiteTeamCountry "GER"]
[BlackTeamCountry "GER"]

1. e4 d5 2. exd5 Qxd5 3. Nc3 Qd6 4. Bc4 Nf6 5. d3 g6 6. Nf3 Bg7 7. O-O O-O 8.
Nb5 Qd8 9. Bf4 Na6 10. Qd2 c6 11. Nc3 Nc5 12. Rfe1 Be6 13. Be3 Nce4 {(=)} 14.
Nxe4 Nxe4 15. Qb4 Bxc4 16. dxe4 Ba6 17. Bc5 Re8 18. Rad1 Qc7 19. e5 b6 20. Be3
Rad8 21. Rxd8 Rxd8 22. Bg5 c5 23. Qh4 Rd7 24. Bf4 e6 25. Bh6 Bxe5 26. h3 Bh8
27. Bf4 Qd8 28. Ng5 f6 29. Nxe6 Qe8 30. Re3 Qf7 31. Bg3 Re7 32. Nd8 Qe8 33.
Rxe7 Qxe7 34. Nc6 Qe1+ 35. Kh2 Qe6 36. Qa4 Bb7 37. Nd8 Qe4 38. Qxe4 Bxe4 39. c3
Bd5 40. b3 b5 41. c4 bxc4 42. bxc4 Bxc4 43. Nc6 Bxa2 44. Nxa7 f5 45. Bf4 Bb2
46. Kg1 Kf7 47. Kf1 Bc4+ 48. Ke1 Bc3+ 49. Kd1 Bf1 50. g3 Bxh3 51. Nb5 Bf6 52.
Ke2 g5 53. Be3 Be7 54. f3 h5 55. Bd2 h4 56. gxh4 gxh4 57. Kf2 Ke6 58. Nc3 c4
59. Be3 Ke5 60. Ne2 Bg4 61. Bd4+ Kd5 62. Bc3 Bc5+ 63. Kg2 h3+ 64. Kf1 h2 65.
Nf4+ Kc6 66. Kg2 Bxf3+ 67. Kxh2 Bf2 68. Nh3 Be3 69. Kg3 Be4 70. Nf4 Kb5 71. Ne6
Ka4 72. Nd4 Ka3 73. Ne2 Kb3 74. Be1 Kc2 75. Bb4 Kd3 76. Nc3 Bd2 77. Nxe4 0-1

[Event "Werner-Ott-Open Kreuzberger Sommer 2018"]
[Site "Berlin"]
[Date "2018.07.05"]
[Round "6.14"]
[White "Kauschmann, Herbert"]
[Black "Stein, Siegfried"]
[Result "1-0"]
[WhiteElo "2162"]
[BlackElo "1817"]
[PlyCount "54"]
[EventDate "2018.06.30"]
[EventType "tourn"]
[EventRounds "9"]
[EventCountry "GER"]
[SourceTitle "WOOKS_2018_R6"]
[Source "Andreas Lange"]
[SourceDate "2018.07.05"]
[SourceVersion "1"]
[SourceVersionDate "2018.07.05"]
[SourceQuality "1"]
[WhiteTeam "BSC Rehberge 1945"]
[BlackTeam "SV Berolina Mitte"]
[WhiteTeamCountry "GER"]
[BlackTeamCountry "GER"]

1. e4 e5 2. Nf3 Nc6 3. d4 exd4 4. Bc4 Nf6 5. e5 d5 6. Bb5 Ne4 7. Nxd4 Bd7 8.
Bxc6 bxc6 9. O-O Bc5 10. c3 O-O 11. Be3 Bb6 12. f3 Ng5 13. Qd2 Ne6 14. f4 Nxd4
15. cxd4 Bf5 16. Qc3 Qd7 17. Rc1 Rad8 18. Qxc6 Rfe8 19. Qxd7 Bxd7 20. b4 f6 21.
Bf2 a5 22. a3 Rf8 23. Rd1 fxe5 24. fxe5 Rf4 25. Nc3 g6 (25... axb4 26. Nxd5
Rxf2 27. Kxf2 Bg4 28. Nxb6 Bxd1 29. Rxd1 cxb6 30. axb4 Rd5 31. Ke3 Kf7 32. Ke4
Rb5 33. Rb1 Ke6 34. h4 h5 35. Rb3 g6 36. Rb2 Rd5 37. Rc2) 26. Nxd5 Rxf2 (26...
axb4) 27. Kxf2 Bg4 1-0

[Event "Werner-Ott-Open Kreuzberger Sommer 2018"]
[Site "Berlin"]
[Date "2018.07.05"]
[Round "6.15"]
[White "Dittrich, Tom"]
[Black "Schulz, Hartmut"]
[Result "1/2-1/2"]
[WhiteElo "1931"]
[BlackElo "2080"]
[PlyCount "29"]
[EventDate "2018.06.30"]
[EventType "tourn"]
[EventRounds "9"]
[EventCountry "GER"]
[SourceTitle "WOOKS_2018_R6"]
[Source "Andreas Lange"]
[SourceDate "2018.07.05"]
[SourceVersion "1"]
[SourceVersionDate "2018.07.05"]
[SourceQuality "1"]
[WhiteTeam "SG Stadtilm"]
[BlackTeam "SC Rochade"]
[WhiteTeamCountry "GER"]
[BlackTeamCountry "GER"]

1. e4 c6 2. d4 d5 3. Nc3 dxe4 4. Nxe4 Nd7 5. Bd3 Ngf6 6. Ng5 e6 7. N1f3 Bd6 8.
Qe2 h6 9. Ne4 Nxe4 10. Qxe4 Nf6 11. Qe2 c5 12. Bd2 Qc7 13. dxc5 Bxc5 14. O-O-O
Bd7 15. Ne5 1/2-1/2

[Event "Werner-Ott-Open Kreuzberger Sommer 2018"]
[Site "Berlin"]
[Date "2018.07.05"]
[Round "6.16"]
[White "Jess, Arne"]
[Black "Schulz, Olaf"]
[Result "0-1"]
[WhiteElo "1842"]
[BlackElo "2019"]
[PlyCount "104"]
[EventDate "2018.06.30"]
[EventType "tourn"]
[EventRounds "9"]
[EventCountry "GER"]
[SourceTitle "WOOKS_2018_R6"]
[Source "Andreas Lange"]
[SourceDate "2018.07.05"]
[SourceVersion "1"]
[SourceVersionDate "2018.07.05"]
[SourceQuality "1"]
[WhiteTeam "TSG Fredersdorf/Vogelsdorf"]
[WhiteTeamCountry "GER"]

1. e4 g6 2. d4 Bg7 3. Be3 Nf6 4. Nc3 d6 5. f3 Nbd7 6. Qd2 c5 7. O-O-O Qa5 8.
Kb1 cxd4 9. Bxd4 O-O 10. Nd5 Qd8 11. Ne2 Nxd5 12. Bxg7 Kxg7 13. exd5 Nf6 14.
Nc3 a6 15. Qd4 b5 16. g4 Kg8 17. h4 Rb8 18. h5 Bb7 19. h6 e5 20. dxe6 fxe6 21.
Be2 e5 22. Qb4 Ne8 23. Nd5 Bxd5 24. Rxd5 Rf4 25. Qb3 Kh8 26. Rd3 Qf6 27. Qd5
Qf7 28. Qc6 {(=)} Rc4 29. Qd5 Qxd5 30. Rxd5 Rf4 31. Rd3 Rc8 32. Re3 Kg8 33. Bd3
Nf6 34. Be2 Kf7 35. b3 Nd5 36. Rd3 Nc3+ 37. Rxc3 Rxc3 38. Kb2 Re3 39. Rh2 d5
40. Bd1 b4 41. Be2 a5 42. a3 Kf6 43. axb4 axb4 44. Kc1 Rd4 45. Rf2 Kg5 46. Rh2
Kf4 47. Bd3 Re1+ 48. Kd2 Ra1 49. Ke2 e4 50. fxe4 dxe4 51. Bc4 Kg3 52. Rf2 Rd2+
0-1

[Event "Werner-Ott-Open Kreuzberger Sommer 2018"]
[Site "Berlin"]
[Date "2018.07.05"]
[Round "6.17"]
[White "Ziems, Michael"]
[Black "Werner, Dimo"]
[Result "1/2-1/2"]
[WhiteElo "1798"]
[BlackElo "2012"]
[PlyCount "47"]
[EventDate "2018.06.30"]
[EventType "tourn"]
[EventRounds "9"]
[EventCountry "GER"]
[SourceTitle "WOOKS_2018_R6"]
[Source "Andreas Lange"]
[SourceDate "2018.07.05"]
[SourceVersion "1"]
[SourceVersionDate "2018.07.05"]
[SourceQuality "1"]
[WhiteTeam "SV Empor Berlin"]
[BlackTeam "TSV Schott Mainz"]
[WhiteTeamCountry "GER"]
[BlackTeamCountry "GER"]

1. d4 Nf6 2. c4 e6 3. Nc3 Bb4 4. Bf4 O-O 5. e3 d5 6. Nf3 dxc4 7. Bxc4 Nd5 8.
Bxd5 exd5 9. O-O c6 10. Qc2 Qf6 11. Rac1 Na6 12. Ne5 Qe7 13. Qa4 f6 14. Nd3 Bd6
15. Bxd6 Qxd6 16. Ne2 Bg4 17. Nc3 Bf5 18. Nf4 Qb4 19. Qxb4 Nxb4 20. a3 Nd3 21.
Nxd3 Bxd3 22. Rfd1 Bc4 23. Rd2 a5 24. Na4 1/2-1/2

[Event "Werner-Ott-Open Kreuzberger Sommer 2018"]
[Site "Berlin"]
[Date "2018.07.05"]
[Round "6.18"]
[White "Heerde, Thomas"]
[Black "Grassi, Fabrizio"]
[Result "0-1"]
[WhiteElo "2010"]
[BlackElo "1872"]
[PlyCount "122"]
[EventDate "2018.06.30"]
[EventType "tourn"]
[EventRounds "9"]
[EventCountry "GER"]
[SourceTitle "WOOKS_2018_R6"]
[Source "Andreas Lange"]
[SourceDate "2018.07.05"]
[SourceVersion "1"]
[SourceVersionDate "2018.07.05"]
[SourceQuality "1"]
[WhiteTeam "SC Weisse Dame"]
[BlackTeam "SV Berlin-Friedrichstadt"]
[WhiteTeamCountry "GER"]
[BlackTeamCountry "GER"]

1. e4 d5 2. exd5 Nf6 3. Bb5+ Bd7 4. Bc4 Bg4 5. f3 Bc8 6. Nc3 Nbd7 7. Nge2 Nb6
8. b3 Nfxd5 9. Nxd5 Nxd5 10. Bb2 Nb6 11. O-O Nxc4 12. bxc4 e6 13. Kh1 b6 14. f4
Bb7 15. Ng3 Qd7 16. d3 h5 17. Nxh5 Qc6 18. Rg1 O-O-O 19. Qg4 Bc5 20. Bxg7 Rdg8
21. Nf6 Bd4 22. Bxh8 Rxg4 23. Nxg4 Bxh8 24. Ne5 Qa4 25. Rac1 f6 26. Ng6 Bg7 27.
Rge1 Kd7 28. Re2 Bc8 29. c3 c5 30. h4 Ke8 31. h5 Kf7 32. g4 Qc6+ 33. Rg2 Bb7
34. Rcc2 Qd6 35. Rcd2 Bxg2+ 36. Kxg2 Qc6+ 37. Kg3 Qh1 38. Rf2 Qg1+ 39. Kf3 Qh1+
40. Kg3 Qe1 41. g5 Qe3+ 42. Kg2 fxg5 43. fxg5+ Kg8 44. Ne7+ Kh7 45. g6+ Kh6 46.
Rf7 Qe2+ 47. Kg1 Qxh5 48. Kf2 Qh2+ 49. Kf3 Qh3+ 50. Ke4 Qh4+ 51. Kf3 Qh5+ 52.
Kf2 Qh2+ 53. Kf3 Qd2 54. Kg4 Qxd3 55. Rf3 Qxc4+ 56. Rf4 Qxc3 57. Rf3 Qd4+ 58.
Kh3 c4 59. Kg2 Qg4+ 60. Rg3 Qxg3+ 61. Kxg3 c3 0-1